| 000 | 00482nam a2200133Ia 4500 | ||
|---|---|---|---|
| 008 | 231129s2010||||xx |||||||||||||| ||spa|| | ||
| 020 | _a978-958-740-029-8 | ||
| 040 | _bspa | ||
| 082 | _a635.21 E74 | ||
| 245 | 0 | _aEscalas fenológicas de las variedades de papa parda pastusa diacol capiro y criolla "yema de huevo" en las zonas productoras de Cundinamarca Boyacá Nariño y Antioquia | |
| 260 | _c2010 | ||
| 264 | _aCorpoica | ||
| 942 |
_2ddc _cBKS |
||
| 999 |
_c13308 _d13308 |
||